Williams F1 Quiz - Statistics

General Stats
  • This quiz has been taken 82 times
  • The average score is 4 of 6
Answer Stats
Question Answer % Correct
One year later from their 1st victory, the team got rewarded, by winning both the Driver's and Constructor's Championship. Who took the Driver's crown? Alan Jones
89%
Who qualified 2nd place and finished 2nd place in Belgium, which was curtailed due to the heavy rainfall? George Russell
82%
Pastor Maldonado took a miraculous win at the Spanish Grand Prix in 2012. But after this race, he failed to score in the next what races? (number) 9
78%
Ayrton Senna tragically lost his life at the San Marino Grand Prix in 1994. But at what famous corner did the Brazilian crash on? Tamburello
64%
Juan Pablo Montoya set a lap-breaking record at what track in 2004 with Williams? Autodromo Nazionale Monza
60%
Who gave Williams' 1st victory in F1 at the British Grand Prix in 1979? Clay Regazzoni
48%
No matching quizzes found
Score Distribution
Percent of People with Each Score
Percentile by Number Answered
Your Score History
You have not taken this quiz